000 00247 a2200109 4500
001 155845
040 _cEscola São Tomás de Aquino
240 1 0 _aArte para crianças
_lpor
245 1 0 _aArte para crianças
697 _aGENERALIDADES
942 _cBK
999 _c155845
_d155845